Electronic marketing : Integrating electronic resources into the marketing process

This text for marketing students combines traditional processes of marketing analysis, planning, and implementation, with a new focus on the enhanced speed and targeting ability of the Internet and other electronic resources. The text includes case studies of companies using electronic solutions to...

全面介绍

Đã lưu trong:
书目详细资料
主要作者: Reedy, Joel
格式: 图书
语言:Undetermined
出版: Australia Thomson Learrning 2004
主题:
标签: 添加标签
没有标签, 成为第一个标记此记录!
Thư viện lưu trữ: Trung tâm Học liệu Trường Đại học Cần Thơ
LEADER 01371nam a2200217Ia 4500
001 CTU_116800
008 210402s9999 xx 000 0 und d
020 |c 76.21 
082 |a 658.872 
082 |b R323 
100 |a Reedy, Joel 
245 0 |a Electronic marketing : 
245 0 |b Integrating electronic resources into the marketing process 
245 0 |c Joel Reedy, Shauna Schullo 
260 |a Australia 
260 |b Thomson Learrning 
260 |c 2004 
520 |a This text for marketing students combines traditional processes of marketing analysis, planning, and implementation, with a new focus on the enhanced speed and targeting ability of the Internet and other electronic resources. The text includes case studies of companies using electronic solutions to solve marketing and communication problems, and discussions of the advantages and disadvantages of doing business on the Internet. Chapter topics include segmenting and analyzing the target market, developing virtual storefronts, building successful websites, dealing with hackers, protecting customer privacy, and the value of repeat customers. New features in the second edition include a new preface, and a discussion of business-to-business use of the Internet. 
650 |a Telemarketing,Internet marketing 
904 |i Minh 
980 |a Trung tâm Học liệu Trường Đại học Cần Thơ